000 02025nam a2200265 a 4500
001 ASIN0745652794
005 20170105102905.0
008 131022s2012 xxu eng d
020 _a0745652794 (paperback)
_c$28.95
020 _a9780745652795 (paperback)
040 _a0
050 0 4 _aUB270
082 0 4 _a327.12
100 1 _aGill, Peter.
245 1 0 _aIntelligence in an insecure world /
_cPeter Gill, Mark Phythian.
250 _a2nd ed.
260 _a[S.l.] :
_bPolity,
_c2012.
300 _a272 p. ;
_c25 cm.
520 _aOver a decade on from the terrorist attacks of 9/11, intelligence continues to be of central importance to the contemporary world. Today there is a growing awareness of the importance of intelligence, and an increasing investment in it, as individuals, groups, organizations and states all seek timely and actionable information in order to increase their sense of security. But what exactly is intelligence? Who seeks to develop it and how? What happens to intelligence once it is produced, and what dilemmas does this generate? How can liberal democracies seek to mitigate problems of intelligence, and what do we mean by “intelligence failure?”’ In a fully revised and expanded new edition of their classic guide to the field, Peter Gill and Mark Phythian explore these and other questions. Together they set out a comprehensive framework for the study of intelligence, discussing how ‘intelligence’ can best be understood, how it is collected, analysed, disseminated and acted upon, how it raises ethical problems, and how and why it fails.  Drawing on a range of contemporary examples,  Intelligence in an Insecure World  is an authoritative and accessible guide to a rapidly expanding area of enquiry - one which everyone has an interest in understanding.
650 0 _aEspionage
650 0 _aIntelligence service
700 1 _aPhythian, Mark.
856 4 0 _3Amazon.com
_uhttp://www.amazon.com/exec/obidos/ASIN/0745652794/chopaconline-20
942 _2ddc
_cBK
999 _c14812
_d14812